000
00291nam a2200109Ia 4500
008
171211s9999 xx 000 0 und d
245
_a
Bujin. Divino guerrero
245
_c
Masaaki Hatsumi
260
_c
1993
650
_x
Martial Arts
856
_u
http://down.ebook777.com/064/8460451119.pdf
999
_c
348173
_d
348173